House wiring simplified; (Record no. 180997)
[ view plain ]
| 000 -LEADER | |
|---|---|
| fixed length control field | 00985 a2200193 4500 |
| 003 - CONTROL NUMBER IDENTIFIER | |
| control field | Nust |
| 005 - DATE AND TIME OF LATEST TRANSACTION | |
| control field | 20221117154258.0 |
| 010 ## - LIBRARY OF CONGRESS CONTROL NUMBER | |
| LC control number | 72093982 |
| 020 ## - INTERNATIONAL STANDARD BOOK NUMBER | |
| International Standard Book Number | 0870061615 |
| 040 ## - CATALOGING SOURCE | |
| Transcribing agency | Nust |
| 082 00 - DEWEY DECIMAL CLASSIFICATION NUMBER | |
| Classification number | 621.31924,MIX |
| 100 1# - MAIN ENTRY--PERSONAL NAME | |
| Personal name | Mix, Floyd M., |
| 9 (RLIN) | 102947 |
| 245 10 - TITLE STATEMENT | |
| Title | House wiring simplified; |
| Remainder of title | tells and shows you how |
| Statement of responsibility, etc. | [by] Floyd M. Mix. |
| 260 ## - PUBLICATION, DISTRIBUTION, ETC. | |
| Place of publication, distribution, etc. | South Holland, Ill., |
| Name of publisher, distributor, etc. | Goodheart-Willcox |
| Date of publication, distribution, etc. | [1973] |
| 300 ## - PHYSICAL DESCRIPTION | |
| Extent | 176 p. |
| Other physical details | illus. |
| Dimensions | 23 cm. |
| 505 ## - FORMATTED CONTENTS NOTE | |
| Formatted contents note | Electrical Terms (Page-7), Conductors (Page-11), Conduits, Raceways (Page-19), Boxes, Covers (Page-25), Switches (Page-29), Outlet Receptacles (Page-35), Electricians Tools And Equipment (Page-39), Working Safely (Page-47), Service Requirements (Page-51), Basic Wiring Systems (Page-59), Basic Wiring Procedures (Page-69), House Wiring Circuits (Page-87), Modernizing Electrical Sys (Page-107), Useful Information (Page-127), Dictionary Of Terms (Page-165). |
| 650 #0 - SUBJECT ADDED ENTRY--TOPICAL TERM | |
| Topical term or geographic name entry element | Electric wiring, Interior. |
| 9 (RLIN) | 41218 |
| 942 ## - ADDED ENTRY ELEMENTS (KOHA) | |
| Source of classification or shelving scheme | |
| Koha item type | Book |
| Withdrawn status | Lost status | Source of classification or shelving scheme | Damaged status | Not for loan | Permanent Location | Current Location | Date acquired | Full call number | Barcode | Date last seen | Price effective from | Koha item type | Public note |
|---|---|---|---|---|---|---|---|---|---|---|---|---|---|
| Military College of Signals (MCS) | Military College of Signals (MCS) | 12/12/2016 | 621.31924,MIX | MCS5875 | 12/08/2016 | 12/12/2016 | Book | Almirah No.30, Shelf No.2 |
